| 000 | 00703nam a22002172 4500 | ||
|---|---|---|---|
| 001 | 0000007255 | ||
| 005 | 20151217145835.0 | ||
| 008 | 071213s xx 000 0 eng d | ||
| 020 | _cKES | ||
| 040 |
_aKABU _cKABU |
||
| 100 | 1 |
_aJohnson, Tony. _@0000158441 |
|
| 245 | 1 | 0 |
_aViolence and abuse of women and girls in Kenya : _ba briefing book / _cTony Johnson. |
| 260 |
_aNairobi : _bPopulation Communication Africa, _c2002. |
||
| 300 | _a52 p. | ||
| 650 | 0 |
_aAbused wives _zKenya. _@0000158442 |
|
| 650 | 0 |
_aAbused women _zKenya. _@0000156941 |
|
| 650 | 0 |
_aVictims of family violence _zKenya. _@0000158443 |
|
| 908 | _a071213 | ||
| 950 | _@1 | ||
| 999 |
_c3171 _d3171 |
||